000 01526nam a2200289 a 4500
001 53705
003 BD-RjUL
005 20211209080015.0
008 161024m19621956ii ||||| |||| 00| 0 ben d
020 _c: IRs. 10.00 (V-1)
020 _c: IRs. 6.00 (V-2)
020 _c: IRs. 8.00 (V-3)
020 _c: IRs. 12.00 (V-5)
035 _a(BD-RjUL)53827
040 _aBD-RjUL
_bben
_cBD-RjUL
041 _aben
082 _223
_a891.44109
_bSAH 1956-1966
245 0 0 _aসাহিত্যপ্রকাশিকা /
_cসম্পাদক: প্রবোধচন্দ্র বাগচী , পঞ্চানন মণ্ডল
260 _aবীরভূম :
_bশান্তিনিকেতন প্রেস,
_c১৯৫৬-১৯৬৬
300 _aখণ্ড ;
_c২৪ সেমি.
505 1 _aখণ্ড ১ --- খণ্ড ২ -- খণ্ড ৩, আগম প্রকাশ: দ্বাদশ পুরাণ : ধর্ম-ইতিহাস যদুনাথের ধর্মপুরাণ: অনাদ্যের পুথি --- খণ্ড ৫, দ্বাদশ-মঙ্গল --
650 _aবাংলা সাহিত্য
_xইতিহাস ও সমালোচনা
_9160479
650 _aBengali Literature
_xHistory and Criticism
_9160480
700 _aবাগচী, প্রবোধচন্দ্র, সম্পাদক
_9160481
700 _aমণ্ডল, পঞ্চানন, সম্পাদক
_9219703
942 _2ddc
_cBK
999 _c53705
_d53705